¡Lee, arma y diviértete! (Registro nro. 38198)
[ vista simple ]
| 000 -CABECERA | |
|---|---|
| Longitud fija campo de control | 00919nam a22002777a 4500 |
| 003 - • IDENTIFICADOR DELl NÚMERO DE CONTROL | |
| Identificador del número de control | CO-BoRNBP |
| 005 - • FECHA Y HORA DE LA ÚLTIMA TRANSACCIÓN | |
| Fecha y hora de la última transacción | 20240722110949.0 |
| 007 - • CAMPO FIJO DE DESCRIPCIÓN FÍSICA | |
| Campo fijo de descripción física | ta |
| 008 - • CÓDIGOS DE INFORMACIÓN DE LONGITUD FIJA | |
| Códigos de información de longitud fija | 240722s2018 mx a|||| |||| 00| 0 spa d |
| 020 ## - • NÚMERO INTERNACIONAL NORMALIZADO PARA LIBROS | |
| Número Internacional Normalizado para Libros (ISBN) | 9786075322438 |
| 040 ## - FUENTE DE LA CATALOGACIÓN | |
| Centro catalogador de origen | CO-BoRNBP |
| Lengua de catalogación | Spa |
| Centro transcriptor | CO-BoRNBP |
| Centro modificado | rda |
| 041 ## - • CÓDIGO DE LENGUA | |
| Código de lengua del texto/banda sonora o título independiente | Español |
| 084 ## - • Clasificación Local Alfanúmerica PNLB | |
| Número de clasificación | C DOL |
| 100 ## - • PUNTO DE ACCESO PRINCIPAL-NOMBRE DE PERSONA | |
| Nombre de persona | Dolphin, Silver |
| Término indicativo de función | autor |
| 245 1# - • TITULO PROPIAMENTE DICHO | |
| Título | ¡Lee, arma y diviértete! |
| Resto del título | Animales de la selva |
| Mención de responsabilidad, etc. | Silver Dolphin; ilustraciones, Jordi Busquets |
| 250 ## - • MENCIÓN DE EDICIÓN | |
| Mención de edición | Primera edición |
| 264 #1 - PRODUCCIÓN, PUBLICACIÓN , DISTRIBUCIÓN, FABRICACIÓN Y COPYRIGHT | |
| Lugar de producción, publicación, distribución, fabricación | México |
| Nombre del productor, editor, distribuidor, fabricante | Susaeta Ediciones S.A. |
| Fecha de de producción, publicación, distribución, fabricación o copyright | 2018 |
| 300 ## - • DESCRIPCIÓN FÍSICA | |
| Extensión | 8 páginas |
| Otras características físicas | ilustraciones a color |
| Dimensiones | Alto 19cm X 19cm |
| 336 ## - TIPO DE CONTENIDO | |
| Fuente | rdacontent |
| Término de tipo de contenido | texto |
| Código de tipo de contenido | txt |
| 337 ## - TIPO DE MEDIO | |
| Fuente | rdamedia |
| Nombre del tipo de medio | sin mediación |
| Código del tipo de medio | n |
| 338 ## - TIPO DE SOPORTE | |
| Fuente | rdacarrier |
| Nombre del tipo de soporte | volumen |
| Código del tipo de soporte | nc |
| 650 17 - • PUNTO DE ACCESO ADICIONAL DE MATERIA - TÉRMINO DE MATERIA | |
| Fuente del encabezamiento o término | ARMARC |
| Término de materia o nombre geográfico como elemento inicial | Cuento infantil |
| 650 17 - • PUNTO DE ACCESO ADICIONAL DE MATERIA - TÉRMINO DE MATERIA | |
| Fuente del encabezamiento o término | ARMARC |
| Término de materia o nombre geográfico como elemento inicial | animales de la selva |
| 650 17 - • PUNTO DE ACCESO ADICIONAL DE MATERIA - TÉRMINO DE MATERIA | |
| Fuente del encabezamiento o término | ARMARC |
| Término de materia o nombre geográfico como elemento inicial | literatura infantil mexicana |
| 942 ## - ENTRADA DE ELEMENTOS AGREGADOS (KOHA) | |
| Fuente de clasificaión o esquema | Dewey Decimal Classification |
| Koha [por defecto] tipo de item | Libro Infantil |
| Perdido | Fuente de clasificación o esquema | Estado Físico | No para préstamo | Forma de adquisición | Localización permanente | Localización actual | Localización en estanterías | Fecha adquisición | Préstamos totales | Signatura completa | Código de barras | Fecha última consulta | Número de copia | Fecha del precio de reemplazo | Tipo de item de Koha |
|---|---|---|---|---|---|---|---|---|---|---|---|---|---|---|---|
| Dewey Decimal Classification | Infantil | Biblioteca Pública Guamal | Biblioteca Pública Guamal | Sala Infantil | 07/22/2024 | C DOL | GUA003918 | 07/22/2024 | Ej.1 | 07/22/2024 | Libro Infantil | ||||
| Dewey Decimal Classification | Infantil | Biblioteca Pública Guamal | Biblioteca Pública Guamal | Sala Infantil | 07/22/2024 | C DOL | GUA003919 | 07/22/2024 | Ej.1 | 07/22/2024 | Libro Infantil |